000
003220000a22001330004500
060
_a
100
082
_a
581.012 PLO;1
100
_a
Plowden, Chicheley C
245
_a
Manual of plant names
260
_a
London, George Allen & Unwin Ltd
300
_a
260
650
_a
Plants/ generic names/ common names
942
_c
BK
999
_c
359175
_d
359175